| Tag |
First Indicator |
Second Indicator |
Subfields |
| LEADER |
00000nam a22000003u 4500 |
| 001 |
in00005683621 |
| 005 |
20260205214759.1 |
| 006 |
m o d |
| 007 |
cr ||||||||||| |
| 008 |
251130s1888 xx o 000 u und d |
| 040 |
|
|
|a OCLKB
|b eng
|e pn
|c OCLKB
|
| 035 |
|
|
|a (OCoLC)1557330818
|
| 049 |
|
|
|a TXAM
|
| 245 |
0 |
0 |
|a What He Got
|
| 264 |
|
1 |
|b Harper's Magazine
|c 1888
|
| 300 |
|
|
|a 1 online resource
|
| 336 |
|
|
|a text
|b txt
|2 rdacontent
|
| 337 |
|
|
|a computer
|b c
|2 rdamedia
|
| 338 |
|
|
|a online resource
|b cr
|2 rdacarrier
|
| 588 |
|
|
|a Machine-generated record
|
| 710 |
2 |
|
|a Alexander Street (Firm)
|
| 856 |
4 |
0 |
|u http://proxy.library.tamu.edu/login?url=https://www.aspresolver.com/aspresolver.asp?MARC;4163660
|z Connect to the full text of this electronic text
|t 0
|
| 955 |
|
|
|a Alexander Street - North American Immigrant Letters, Diaries, and Oral Histories
|
| 994 |
|
|
|a 92
|b TXA
|
| 999 |
f |
f |
|i 9739c1f8-a367-4414-a698-c160045bd347
|s 7d673e46-c404-4389-b5cf-d250697f6155
|t 0
|
| 952 |
f |
f |
|a Texas A&M University
|b College Station
|c Electronic Resources
|s www_evans
|d Available Online
|t 0
|h Library of Congress classification
|
| 998 |
f |
f |
|t 0
|l Available Online
|